000 00241nam a2200097Ia 4500
001 1064219
005 20250827001711.0
008 250824s9999 xx 000 0 und d
245 0 _aKIZIL PENÇE
_cMUSTAFA ARMAĞAN
260 _bKETEBE YAYINLARI
999 _c1064219
_d1064219